Роль визуального представления дизайн-продукта в его продвижении на рынке; Современные проблемы машиностроения

Dettagli Bibliografici
Parent link:Современные проблемы машиностроения.— 2020.— [С. 274-275]
Autore principale: Ризен Ю. С. Юлия Сергеевна
Ente Autore: Национальный исследовательский Томский политехнический университет Инженерная школа информационных технологий и робототехники Отделение автоматизации и робототехники
Altri autori: Тен П. О.
Riassunto:Заглавие с экрана
Lingua:russo
Pubblicazione: 2020
Serie:Дизайн и проектирование в машиностроении
Soggetti:
Accesso online:http://earchive.tpu.ru/handle/11683/64076
Natura: Elettronico Capitolo di libro
KOHA link:https://koha.lib.tpu.ru/cgi-bin/koha/opac-detail.pl?biblionumber=632496

MARC

LEADER 00000naa2a2200000 4500
001 632496
005 20231101133720.0
035 |a (RuTPU)RU\TPU\conf\34204 
035 |a RU\TPU\conf\34202 
090 |a 632496 
100 |a 20201208a2020 k y0rusy50 ca 
101 0 |a rus 
102 |a RU 
105 |a y z 100zy 
135 |a drcn ---uucaa 
181 0 |a i  
182 0 |a b 
200 1 |a Роль визуального представления дизайн-продукта в его продвижении на рынке  |f Ю. С. Ризен, П. О. Тен 
203 |a Текст  |c электронный 
225 1 |a Дизайн и проектирование в машиностроении 
230 |a 1 компьютерный файл (pdf; 535 Kb) 
300 |a Заглавие с экрана 
320 |a [Библиогр.: с. 275 (7 назв.)] 
463 0 |0 (RuTPU)RU\TPU\conf\34136  |t Современные проблемы машиностроения  |o сборник трудов XIII Международной научно-технической конференции, г. Томск, 26-30 октября 2020 г.  |f Национальный исследовательский Томский политехнический университет (ТПУ) ; под ред. Е. Н. Пашкова  |v [С. 274-275]  |d 2020 
610 1 |a электронный ресурс 
610 1 |a труды учёных ТПУ 
610 1 |a визуальные представления 
610 1 |a дизайн 
610 1 |a продвижение 
610 1 |a рынок 
610 1 |a реклама 
610 1 |a товары 
610 1 |a услуги 
610 1 |a визуальная коммуникация 
700 1 |a Ризен  |b Ю. С.  |c специалист в области начертательной геометрии и инженерной графики  |c старший преподаватель Томского политехнического университета, инженер  |f 1989-  |g Юлия Сергеевна  |2 stltpush  |3 (RuTPU)RU\TPU\pers\31096 
701 1 |a Тен  |b П. О. 
712 0 2 |a Национальный исследовательский Томский политехнический университет  |b Инженерная школа информационных технологий и робототехники  |b Отделение автоматизации и робототехники  |h 7952  |2 stltpush  |3 (RuTPU)RU\TPU\col\23553 
801 2 |a RU  |b 63413507  |c 20201210  |g RCR 
856 4 |u http://earchive.tpu.ru/handle/11683/64076 
942 |c BK